[Event "Bamberg op-B 5th"]
[Site "Bamberg"]
[Date "2023.07.29"]
[Round "6"]
[White "Averkova, Olena"]
[Black "Kroener, Marco Alexander"]
[Result "1/2-1/2"]
[WhiteElo "1743"]
[BlackElo "1535"]
[PlyCount "73"]
[EventDate "2023.07.26"]
[EventType "swiss"]
[EventRounds "7"]
[EventCountry "GER"]
[SourceTitle "CBM 215 Extra"]
[Source "ChessBase"]
[SourceDate "2023.09.30"]
[SourceVersion "1"]
[SourceVersionDate "2023.09.30"]
[SourceQuality "1"]

1. e4 e5 2. Nf3 Nf6 3. Bc4 Nxe4 4. d3 Nf6 5. Bg5 d5 6. Bb3 Be7 7. Nxe5 0-0 8. 0-0 c6 9. d4 Nbd7 10. f4 Ne4 11. Bxe7 Qxe7 12. Nd2 Nxe5 13. fxe5 Nxd2 14. Qxd2 f6 15. exf6 Rxf6 16. c3 Bf5 17. Rae1 Qd6 18. Re5 Bg6 19. Rxf6 Qxf6 20. Qf2 Qxf2+ 21. Kxf2 Kf7 22. g4 Re8 23. Rxe8 Kxe8 24. Ke3 Ke7 25. g5 Ke6 26. Kf4 h6 27. gxh6 gxh6 28. Bd1 Kf6 29. Bg4 Be8 30. a4 a5 31. b4 b6 32. h4 axb4 33. cxb4 c5 34. bxc5 bxc5 35. dxc5 Bxa4 36. Bc8 Bc6 37. Bf5 1/2-1/2